000 00847nam1a22002051i 4500
001 rc\3321715
005 20260407014723.0
035 _a(NLR Aleph) 007420236
090 _a6908053
_c6908053
100 _a20130115g1972 |||y0rusy50 ca
101 0 _arus
102 _aRU
105 _ay d |||||
200 1 _aОсновные результаты законченных научно-исследовательских работ
_eСборник реф.
_fАН АзССР. Ин-т геологии им. И.М. Губкина. Отд. науч.-техн. информации
210 _aБаку
_cБ. и.
_d1972-
710 0 2 _aИнститут геологии им. И. М. Губкина
_cБаку
_3RU\NLR\AUTH\8810003125
_9503475
801 0 _aRU
_bNLR
_gpsbo
801 1 _aRU
_bELAR
_2rusmarc
852 _aNLR
_jШифры разные
942 _cBOOK